000 00631nam a22002057a 4500
008 240524b mp ||||| |||| 00| 0 mon d
035 _a4286
040 _aОрхон аймгийн нийтийн номын сан
_bmon
_cMN-UlNLM
_dMN-UlNLM
_erda
041 _amon
042 _a4893
084 _2НСНЗА
_a84.5
_bМ-26
100 _aМаркес Г. Г.
245 0 _aЗуун жилийн ганцаардал
264 _aУлаанбаатар
_bУХГ
_c1989
300 _a374 х.
336 _2rdacontent
_atext
_btxt
337 _2rdamedia
_aunmediated
_bn
338 _2rdacarrier
_avolume
_bnc
942 _2NNA
_cBK
999 _c679153
_d679210